Quizzes
Events
Quiz Creation
Community
Videos
Private Events
Remove Ads
Sign In
Join for FREE
Feedback
Dark Mode
Quiz Categories
Sports
Geography
Music
Movies
Television
Just For Fun
Miscellaneous
History
Literature
Language
Science
Gaming
Entertainment
Religion
Holiday
For Kids
Quiz Lab
Recent
Popular Today
Quiz Kudos Today
Editor Picks
Curator Picks
Quizzes by...
Day
Popularity
Type
Ratings
Length
Year
Community
Subscriptions
Recent Discussions
Orange Saloon
Badges
Playlists
Quests
Create
Leaderboards
Showdown
Live 5
Trivia Bingo
Activity
Puzzle Library
Sporcle Events
Private Events
Virtual Trivia
Globe League
Become a Host
Pub Owners
SporcleCon
Opinionation
Our Games
Videos
Blog
Mobile Apps
Partnerships
Remove Ads and Go Orange
Feedback
Sports
Athletes
MLB
NBA
NHL
NFL
Soccer
Sports Teams
WWE
NCAA
Football
Premier League
Basketball
Baseball
Hockey
Golf
Tennis
Cricket
Rugby
Auto Racing
Olympics
World Cup
Sports
Athletes
MLB
NBA
NHL
NFL
Soccer
Sports Teams
WWE
NCAA
Football
Premier League
Basketball
Baseball
Hockey
Golf
Tennis
Cricket
Rugby
Auto Racing
Olympics
World Cup
Random Quiz
Search Sporcle
×
Quiz Lab
Quiz Lab
Sports
League
Type in answers that appear in a list
Type in answers that appear in a list
Classic
Best Score? Go Orange.
Five-try heroes Stats
Can you name every player to score five tries in a Super League game?
By
TotalRL
10m
13 Questions
415 Plays
415 Plays
415 Plays
Comments
Comments
Give Quiz Kudos
Give Quiz Kudos
-
- Ratings
hide this ad
Replay
Link that replays current quiz
Next Quiz
Link to next quiz in quiz playlist
You Got
0%
They Got
Avg Score
45%
Avg Friend Score
Upgrade to see
Score Distribution
Jump to the score distribution portion of the page
Score
0/13
Timer
10:00
0
Plays Today
Club
Name
% Correct
Castleford Tigers (2017)
Greg Eden
94.5%
Leeds Rhinos (2009)
Ryan Hall
77.8%
Leeds Rhinos (2004 & 2012)
Danny McGuire
69.6%
Bradford Bulls (2004 & 2005)
Lesley Vainikolo
61.2%
Wigan Warriors (2010)
Pat Richards
55.9%
Wigan Warriors (2014)
Josh Charnley
55.9%
Wigan Warriors (1997)
Jason Robinson
55.4%
St Helens (1998)
Anthony Sullivan
33.5%
Warrington Wolves (2010)
Chris Riley
30.1%
Wigan Warriors (1998)
Tony Smith
21.4%
St Helens (2000)
Kevin Iro
17.1%
Leeds Rhinos (2005)
Ali Lauitiiti
10.4%
Halifax Blue Sox (1996)
Mike Umaga
8.7%
Quiz Playlist
Details
Report
Send in Message
Add To Playlist
Classic:
Type in answers that appear in a list
Last Updated: Jun 13, 2017
Quiz Scoreboard
CHALLENGE
Sign Up to Join the Scoreboard
Show All
Scores
Hide
Comments
May contain spoilers
Recently Published
Presidents Visiting Landmarks
by Hejman
History
7m
An Introduction to Baseball
by treessimontrees
Sports
5m
Movies - When Are They Set?
by FPL_Elf
Movies
5m
More to Explore
Quiz From the Vault
Featured Blog Post
Where Did the Easter Bunny Come From?
hide this ad
You Might Also Like...
Tags
club
Five
Here
League
Player
score
Super League
Try
Today's Top Quizzes in Sports
Browse Sports
hide this ad
Today's Top Quizzes in League
Browse League
Top Contributed Quizzes in Sports
1
Les meilleurs buteurs des matchs entre le PSG et l’OM
2
2022 World Cup Stars
3
FIFA Club World Cup Champions
4
Les entraîneurs de l'OM et du PSG au 21e siècle
5
Name the Premier League winners with different clubs
6
La finale Lions - Afrique du Sud 2021
7
5-to-1: UK Sports Teams
8
England Test cricketers to play under Nasser Hussain
9
Players with Multiple 50 Home Run Seasons
10
AFC Teams Reveal (Wrong Answers Minefield)
Explore More
Trending Topics
NBA
Kpop
Marvel
Disney
Crossword
Harry Potter
Anime
WWE
Country
Pokémon
Soccer
NFL
Song
The Office
Puzzle
hide this ad
More By:
TotalRL
Quiz
Plays
Rating
Category
Featured
Created
Two club Grand Final heroes
980
Sports
Jun 11, 2019
The 500 club
776
3.50
Sports
Jul 17, 2017
Tony Smith's Warrington players
603
Sports
Sep 21, 2017
British rugby league's all-time leading scorers
586
5.00
Sports
Feb 9, 2017
Super League goal kickers
561
Sports
Jan 26, 2017
Go to Creator's Profile
Score Distribution
Quiz Creator Spotlight
TotalRL
Follow
Send a Message
Quizzes Created
-
Created Quiz Play Count
-
More By This Creator
Popular Quizzes Today
1
Find the US States - No Outlines Minefield
2
Find the Countries of Europe - No Outlines Minefield
3
The Countries of the World
4
Find the US States
5
Popular People in 1961
6
US States
7
Risky Map Clicking: Biggest States A-Z
8
Movies - When Are They Set?
More Sports Quizzes
Chainamania III
Quiz Lab
Trending Quizzes
Risky Map Clicking: Least Populous States A-Z
1-10 Letter G Words
1-10 Letter F Words
Risky Map Clicking: Next State Alphabetically
Risky Map Clicking: Biggest States A-Z
Recently Updated
Leaping Animals
pecheneg
Reality TV Shows (A-Z)
bhenderson79
Rickey Henderson's Hall of Fame Teammates
pecheneg
Champions League XIs: Arsenal
pecheneg
Quick Pick: Celebrities in WWE's Hall of Fame
aduchscher
A-Z Keypad Blitz II
pecheneg
Multiple Oscar Actors
pecheneg
Mystery Phrase Blitz: Oscar 'Best Actors'
pecheneg
F. Scott Fitzgerald Novels
LTH
Pick 3 Villains
ddd62291
Trending Topics
NBA
Marvel
Harry Potter
Anime
Disney
Kpop
Crossword
Puzzle
The Office
NFL
Pokémon
Soccer
Song
Country
WWE
Your Account Isn't Verified!
In order to create a playlist on Sporcle, you need to verify the email address you used during registration. Go to your
Sporcle Settings
to finish the process.
Report this User
Report this user for behavior that violates our
Community Guidelines
.
Details:
Send Report
Go to the Sporcle.com Mobile Site →
Comments